Course in mechanical measurements and instrumentation & control (Record no. 17385)
[ view plain ]
| 000 -LEADER | |
|---|---|
| fixed length control field | 00353nam a2200121 4500 |
| 003 - CONTROL NUMBER IDENTIFIER | |
| control field | OSt |
| 008 - FIXED-LENGTH DATA ELEMENTS--GENERAL INFORMATION | |
| fixed length control field | 210806b ||||| |||| 00| 0 eng d |
| 082 ## - DEWEY DECIMAL CLASSIFICATION NUMBER | |
| Classification number | 620.30287 |
| Item number | SAW/CO |
| 100 ## - MAIN ENTRY--AUTHOR NAME | |
| Personal name | Sawhney A K |
| -- | Puneet Sawhney |
| 245 ## - TITLE STATEMENT | |
| Title | Course in mechanical measurements and instrumentation & control |
| 260 ## - PUBLICATION, DISTRIBUTION, ETC. (IMPRINT) | |
| Place of publication | Delhi |
| Name of publisher | Dhanpat Rai & Co |
| Year of publication | 2010 |
| 942 ## - ADDED ENTRY ELEMENTS (KOHA) | |
| Koha item type | Books |
| Withdrawn status | Lost status | Damaged status | Home library | Current library | Shelving location | Date acquired | Source of acquisition | Cost, normal purchase price | Full call number | Accession Number | Koha item type |
|---|---|---|---|---|---|---|---|---|---|---|---|
| KAUAET | KAUAET | Scheme | 31/03/2021 | M/S TBS Books Calicut | 350.00 | 620.30287 SAW/CO | BB 598 | Book Bank scheme for SC students | |||
| KAUAET | KAUAET | Scheme | 31/03/2021 | M/S TBS Books Calicut | 350.00 | 620.30287 SAW/CO | BB 599 | Book Bank scheme for SC students |
